MARC details
| 000 -CABECERA |
| campo de control de longitud fija |
02536nam a2200349 i 4500 |
| 001 - NÚMERO DE CONTROL |
| campo de control |
000048214 |
| 003 - IDENTIFICADOR DEL NÚMERO DE CONTROL |
| campo de control |
DO-SdBNP |
| 005 - FECHA Y HORA DE LA ÚLTIMA TRANSACCIÓN |
| campo de control |
20250717112846.0 |
| 007 - CAMPO FIJO DE DESCRIPCIÓN FÍSICA--INFORMACIÓN GENERAL |
| campo de control de longitud fija |
ta |
| 008 - DATOS DE LONGITUD FIJA--INFORMACIÓN GENERAL |
| campo de control de longitud fija |
181206s2016 dr a r 000 0 spa d |
| 020 ## - NÚMERO INTERNACIONAL ESTÁNDAR DEL LIBRO |
| Número Internacional Estándar del Libro |
9789945586756 |
| 040 ## - FUENTE DE LA CATALOGACIÓN |
| Centro catalogador/agencia de origen |
DO-SdBNP |
| Lengua de catalogación |
spa |
| Centro/agencia transcriptor |
BNPHU |
| Normas de descripción |
rda |
| 041 ## - CÓDIGO DE LENGUA |
| Código de lengua del texto/banda sonora o título independiente |
spa |
| 082 #4 - NÚMERO DE LA CLASIFICACIÓN DECIMAL DEWEY |
| Número de clasificación |
xxx |
| Número de documento/Ítem |
C343a |
| Número de edición |
22 |
| 100 1# - ENTRADA PRINCIPAL--NOMBRE DE PERSONA |
| Nombre de persona |
Cassá, Roberto, |
| Fechas asociadas al nombre |
1948- |
| Término indicativo de función/relación |
autor |
| Código de función/relación |
aut. |
| 9 (RLIN) |
10888 |
| 245 10 - MENCIÓN DE TÍTULO |
| Título |
Antes y después del 27 de febrero / |
| Mención de responsabilidad, etc. |
Roberto Cassá ; cuidado de edición, Juan F. Domínguez Novas ; corrección, Ángela Peña. |
| 250 ## - MENCIÓN DE EDICIÓN |
| Mención de edición |
Primera edición |
| 264 #4 - PRODUCCIÓN, PUBLICACIÓN, DISTRIBUCIÓN, FABRICACIÓN Y COPYRIGHT |
| Producción, publicación, distribución, fabricación y copyright |
Santo Domingo, República Dominicana : |
| Nombre del de productor, editor, distribuidor, fabricante |
Archivo General de la Nación ; |
| -- |
Universidad Autónoma de Santo Domingo, |
| Fecha de producción, publicación, distribución, fabricación o copyright |
©2016. |
| 300 ## - DESCRIPCIÓN FÍSICA |
| Extensión |
320 páginas : |
| Otras características físicas |
ilustraciones ; |
| Dimensiones |
24 cm. |
| 336 ## - TIPO DE CONTENIDO |
| Término de tipo de contenido |
texto |
| Código de tipo de contenido |
txt |
| Fuente |
rdacontent |
| 337 ## - TIPO DE MEDIO |
| Nombre/término del tipo de medio |
sin mediación |
| Código del tipo de medio |
n |
| Fuente |
rdamedia |
| 338 ## - TIPO DE SOPORTE |
| Nombre/término del tipo de soporte |
volumen |
| Código del tipo de soporte |
nc |
| Fuente |
rdacarrier |
| 490 0# - MENCIÓN DE SERIE |
| Mención de serie |
Archivo General de la Nación ; |
| Designación de volumen o secuencia |
278 |
| 500 ## - NOTA GENERAL |
| Nota general |
Incluye referencias bibliográficas y notas al pie de las páginas |
| 500 ## - NOTA GENERAL |
| Nota general |
Incluye datos biográficos del autor en la cubierta |
| 505 ## - NOTA DE CONTENIDO CON FORMATO |
| Nota de contenido con formato |
Palabras preliminares / Ramón Rodríguez Espinal, 11.-- Preámbulo, 13.-- El problema en la historiografía, 25.-- El contexto histórico-social, 37.-- El escaso repertorio de fuentes, 41.-- Determinantes de los sujetos, 47.-- Naturaleza y evolución del régimen haitiano, 53.-- Implosión de las contradicciones, 93.-- Fundación de La Trinitaria, 99.-- Los dominicanos en La Reforma, 117.-- Ampliación popular del partido duartista, 123.-- Conflictos y tentativas de acuerdos, 127.-- Desarticulación de los trinitarios y Plan Levasseur, 139.-- Manifiesto del 16 de Enero y planeamiento de la Separación, 167.-- La noche culminante, 187.-- El conato de resistencia de libertos de la palma y otras reacciones, 197.-- Reconocimiento del Plan Levasseur, 205.-- Prioridad al apresto militar, 209.-- Caída de Hérard y ascenso de Guerrier, primer presidente de «raza negra», 217.-- Efectos de la llegada de Duarte, 245.-- Discurso de Bobadilla por el protectorado, 249.-- La poblada del 9 de junio, 255.-- Proclama de Duarte como presidente, 263.-- Reacción del Cuerpo del Sur, 269.-- Sometimiento del Cibao, 285.-- Deportación de los intransigentes, 289.-- Represión y memoria, 293.-- Dictadura política y étnica, 297. |
| 590 ## - NOTA LOCAL (RLIN) |
| Nota local |
Inventariado, 2025 /LP |
| 700 1# - PUNTO DE ACCESO ADICIONAL--NOMBRE DE PERSONA |
| Nombre de persona |
Domínguez Novas, Juan F., |
| Término indicativo de función/relación |
edición |
| Código de función/relación |
ed. |
| 9 (RLIN) |
86564 |
| 700 1# - PUNTO DE ACCESO ADICIONAL--NOMBRE DE PERSONA |
| Nombre de persona |
Peña, Ángela, |
| Código de función/relación |
corr. |
| Término indicativo de función/relación |
corrección |
| 9 (RLIN) |
37722 |
| 910 ## - DATOS DE OPCIÓN DEL USUARIO (OCLC) |
| Datos de opción del usuario |
LP |
| 942 ## - ELEMENTOS DE PUNTO DE ACCESO ADICIONAL (KOHA) |
| Fuente del sistema de clasificación o colocación |
Dewey Decimal Classification |
| Tipo de ítem Koha |
Libro |